| 000 | 01243cam a22001814a 4500 | ||
|---|---|---|---|
| 005 | 20250605164144.0 | ||
| 008 | 250528s ||||||||||||||||||||||||d | ||
| 035 | _a19074 | ||
| 040 |
_aGR-AtMCL _bgre _dGR-AtMCL _eAACR2 |
||
| 245 | 1 |
_aΣτατιστική Εφαρμοσμένη στις Επιστήμές της Συμπεριφοράς / Περιγραφική Στατιστική. _nΤόμος Α' |
|
| 260 |
_bΑθήνα, _c1990 |
||
| 300 | _a208 | ||
| 520 | _aΠρόλογος, Περιεχόμενα, Βασικές Έννοιες της Στατιστικής, Κατανομές Μονομεταβλητών, Δείκτες Κεντρικής Τάσης, Δείκτες Διασποράς, Κατανομές Συμμεταβλητών, Δείκτες Συνάφειας, Αξιολόγηση Ατομικών Περιπτώσεων - Στάθμιση Κλιμάκων, Βιβλιογραφία, Ελληνο-Αγγλικό Γλωσσάριο των Κυριότερων Όρων της Περιγραφικής Στατιστικής, Αλφαβητικό Ευρετήριο Περιεχομένων. | ||
| 700 | 1 |
_aΠαρασκευοπουλος Ιωαννης Ν _92858 |
|
| 942 | _cBK | ||
| 999 |
_c4357 _d4357 |
||